00848nam a2200241 a 450000100060000000300080000600500170001400800410003103500190007204000270009104100080011808200240012610000430015024500680019326000340026130000350029550400380033065000280036870000390039694200120043599900170044795201420046473634BD-RjUL20211209082424.0170605s1950 nyua b 001 0 eng d a(BD-RjUL)73852 aDLCcWSUdBD-RjULbeng aeng a637.1223bWHB 19501 aWhittier, Earle Ovando,d1891-921794410aByproducts from milk /cby Earle O. Whittier and Byron H. Webb. aNew York :bReinhold,c[1950] aviii, 317 p. :bill. ;c24 cm. aIncludes bibliographies and index 0aDairy products.92179451 aWebb, Byron Horton,d1903-9217946 2ddccBK c73634d73634 00102ddc40718NFICaRUCLbRUCLcReadingd1958-02-05eB.H. Blackwellg2.00l0o637.1 WHB 1950r2017-06-05 00:00:00tC-1w2017-06-05yBK